|
|
|
|
| LEADER |
00000nam0a2200000 4500 |
| 001 |
258381 |
| 005 |
20231101233307.0 |
| 035 |
|
|
|a (RuTPU)RU\TPU\book\281230
|
| 090 |
|
|
|a 258381
|
| 100 |
|
|
|a 20140424d1987 m y0rusy50 ca
|
| 101 |
0 |
|
|a rus
|
| 102 |
|
|
|a RU
|
| 105 |
|
|
|a y j 000zy
|
| 200 |
1 |
|
|a Сборник задач по аналитической химии
|e учебное пособие для вузов
|f сост. Н. А. Улахович
|
| 205 |
|
|
|a 3-е изд., испр. и доп.
|
| 210 |
|
|
|a Казань
|c Изд-во Казанского ун-та
|d 1987
|
| 215 |
|
|
|a 256 с.
|
| 606 |
1 |
|
|a Аналитическая химия
|2 stltpush
|3 (RuTPU)RU\TPU\subj\67454
|9 83247
|
| 610 |
1 |
|
|a гомогенные системы
|
| 610 |
1 |
|
|a гетерогенные системы
|
| 610 |
1 |
|
|a равновесие
|
| 610 |
1 |
|
|a гравиметрический анализ
|
| 610 |
1 |
|
|a титриметрический анализ
|
| 610 |
1 |
|
|a количественный анализ
|
| 610 |
1 |
|
|a задачи
|
| 610 |
1 |
|
|a решения
|
| 610 |
1 |
|
|a учебные пособия
|
| 675 |
|
|
|a 543(076)
|v 3
|
| 702 |
|
1 |
|a Улахович
|b Н. А.
|4 220
|
| 801 |
|
1 |
|a RU
|b 63413507
|c 20140424
|
| 801 |
|
2 |
|a RU
|b 63413507
|c 20141002
|g RCR
|
| 942 |
|
|
|c BK
|